Top 15 państw z największą ilością Hindusów - Statystyki

Ogólne statystyki
  • Ten quiz został rozwiązany 9 431 razy
  • Średni wynik to 9 z 15
Statystyki odpowiedzi
# Hindusów Państwo % Poprawnych
1,053 mil Indie
99%
3.63 mil Pakistan
82%
2.30 mil Stany Zjednoczone
80%
14.3 mil Bangladesz
75%
23.5 mil Nepal
73%
7.20 mil Indonezja
65%
0.498 mil Kanada
65%
2.67 mil Sri Lanka
63%
1.02 mil Wielka Brytania
62%
0.440 mil Australia
54%
1.95 mil Malezja
49%
0.490 mil Zjednoczone Emiraty Arabskie
27%
0.505 mil Republika Południowej Afryki
26%
0.359 mil Katar
23%
0.600 mil Mauritius
8%
Nie znaleziono quizów pasujących do podanych kryteriów
Rozkład punktacji
Procent ludzi z każdym wynikiem
Percentyl według liczby udzielonych odpowiedzi
Twoja historia wyników
Nie rozwiązałeś tego quizu